| 000 | 00624nam a2200169Ia 4500 | ||
|---|---|---|---|
| 008 | 130821s1991 ck gr spa | ||
| 040 |
_aCo-BoUCM _bspa |
||
| 041 | 0 | 0 | _aspa |
| 100 | 1 |
_aJaramillo Correa, Luis Fernando _d1935- |
|
| 245 | 1 | 3 |
_aLa política exterior Colombiana _cLuis Fernando Jaramillo Corrrea |
| 260 |
_aBogotá (Colombia) _bMinisterio de Relaciones Exteriores _c1991 |
||
| 300 | _a157 páginas | ||
| 651 | 7 |
_aColombia _bRelaciones internacionales _926606 |
|
| 710 | 1 |
_aColombia. _bMinisterio de Relaciones Exteriores |
|
| 942 |
_cLIBRO _a6 _e1 _mJ17p _2DEWEY _h327.861 |
||
| 999 |
_c62087 _d62087 |
||